Monnaie japonaise par image - Statistiques

Statistiques générales
  • Ce quiz a été pris 42 fois
  • Le résultat moyen est 7 sur 18
Statistiques - réponses
Par images Réponse % Correct
1 Yen
100%
100 Yen
69%
50 Yen
69%
5 Yen
69%
10 Yen
62%
500 Yen
50%
5 Yen
38%
1 Yen
35%
5 Sen
27%
1 Sen
23%
50 Sen
23%
5 Sen
23%
1 Sen
19%
10 Yen
15%
1 Sen
15%
1 Sen
12%
10 Sen
8%
10 Sen
8%
Aucun quiz correspondant
Distribution des résultats
% des personnes avec chaque résultat
Percentile par nombre de réponses
Votre historique - résultats
Vous n’avez pas pris ce quiz